| 000 | 01579cam a2200373 a 4500 | ||
|---|---|---|---|
| 001 | 16231822 | ||
| 003 | OSt | ||
| 005 | 20260317094013.0 | ||
| 008 | 100513s2010 ilu b 001 0 eng | ||
| 010 | _a 2010019843 | ||
| 020 |
_a9781433514425 _qtp |
||
| 020 |
_a1433514427 _qtp |
||
| 035 | _a16231822 | ||
| 035 | _a(OCoLC)515436092 | ||
| 040 |
_aDLC _cDLC _dBTCTA _dCDC _dDTM _dCDX _dDLC |
||
| 042 | _apcc | ||
| 050 | 0 | 0 |
_aBV4598.4 _b.G74 2010 |
| 082 | 0 | 0 |
_a234.01 _222 |
| 100 | 1 |
_aGreen, Bradley G., _d1965- |
|
| 245 | 1 | 4 |
_aThe gospel and the mind : _brecovering and shaping the intellectual life / _cBradley G. Green. |
| 260 |
_aWheaton, Ill. : _bCrossway, _cc2010. |
||
| 300 |
_a192 p. ; _c22 cm. |
||
| 336 |
_atext _btxt _2rdacontent |
||
| 337 |
_aunmediated _bn _2rdamedia |
||
| 338 |
_avolume _bnc _2rdacarrier |
||
| 504 | _aIncludes bibliographical references and indexes. | ||
| 505 | 0 | _aCreation and the importance of the past -- The centrality of a telos to all things -- Understanding and the cross -- Words, language, and modern culture -- Toward a Christian understanding of words -- The moral nature of knowledge and the human heart. | |
| 650 | 0 |
_aThought and thinking _xReligious aspects _xChristianity. |
|
| 650 | 0 |
_aIntellect _xReligious aspects _xChristianity. |
|
| 906 |
_a7 _bcbc _corignew _d1 _eecip _f20 _gy-gencatlg |
||
| 942 |
_2lcc _cBK |
||
| 999 |
_c21511 _d21510 |
||